书目信息 |
| 题名: |
微波技术基础
|
|
| 作者: | 李秀萍 主编 | |
| 分册: | ||
| 出版信息: | 北京 电子工业出版社 2017.07 |
|
| 页数: | 10, 266页 | |
| 开本: | 26cm | |
| 丛书名: | ||
| 单 册: | ||
| 中图分类: | TN015 | |
| 科图分类: | ||
| 主题词: | 微波技术--wei bo ji shu--高等教育--教材 | |
| 电子资源: | ||
| ISBN: | 978-7-121-31924-2 | |
| 000 | 01110nam0 2200253 450 | |
| 001 | 0106081808 | |
| 005 | 20201109083424.20 | |
| 010 | @a978-7-121-31924-2@dCNY45.00 | |
| 100 | @a20180217e20192017em y0chiy50 ea | |
| 101 | 0 | @achi |
| 102 | @aCN@b110000 | |
| 105 | @ay z 000yy | |
| 106 | @ar | |
| 200 | 1 | @a微波技术基础@Awei bo ji shu ji chu@f李秀萍主编 |
| 205 | @a2版 | |
| 210 | @a北京@c电子工业出版社@d2017.07@h2019.08 | |
| 215 | @a10, 266页@d26cm | |
| 300 | @a普通高等教育“十三五”规划教材电子信息科学与工程类专业规划教材中国电子教育学会电子信息类高等教育优秀教材 | |
| 330 | @a本书从介绍基本电路分析到微波理论的过渡入手,引出了传输线理论、Smith圆图分析与运用,以及微波网络分析理论,在此基础上介绍了实际微波传输线和微波器件。主要内容包括绪论、从低频电路到微波分析、分布电路与传输线理论、Smith圆图与阻抗匹配、微波网络理论与分析、实用微波传输线与波导、微波谐振器、功率分配器和定向耦合器、微波滤波器等。 | |
| 606 | 0 | @a微波技术@Awei bo ji shu@x高等教育@j教材 |
| 690 | @aTN015@v5 | |
| 701 | 0 | @a李秀萍@Ali xiu ping@c(女)@4主编 |
| 801 | 0 | @aCN@bBJSZM@c20201106 |
| 905 | @b1191668-71@dTN015@e156=2@f4 | |
| 微波技术基础/李秀萍主编.-2版.-北京:电子工业出版社,2017.07(2019.08) |
| 10, 266页;26cm |
| 普通高等教育“十三五”规划教材电子信息科学与工程类专业规划教材中国电子教育学会电子信息类高等教育优秀教材 |
| ISBN 978-7-121-31924-2:CNY45.00 |
| 本书从介绍基本电路分析到微波理论的过渡入手,引出了传输线理论、Smith圆图分析与运用,以及微波网络分析理论,在此基础上介绍了实际微波传输线和微波器件。主要内容包括绪论、从低频电路到微波分析、分布电路与传输线理论、Smith圆图与阻抗匹配、微波网络理论与分析、实用微波传输线与波导、微波谐振器、功率分配器和定向耦合器、微波滤波器等。 |
| ● |
| 相关链接 |
|
|
|
|
正题名:微波技术基础
索取号:TN015/156=2
 
预约/预借
| 序号 | 登录号 | 条形码 | 馆藏地/架位号 | 状态 | 备注 |
| 1 | 1191668 | 211916685 | 第二样本阅览室/ [索取号:TN015/156=2] | 在馆 | |
| 2 | 1191669 | 211916694 | 第三借阅区/ [索取号:TN015/156=2] | 在馆 | |
| 3 | 1191670 | 211916701 | 第三借阅区/ [索取号:TN015/156=2] | 在馆 | |
| 4 | 1191671 | 211916710 | 第三借阅区/ [索取号:TN015/156=2] | 在馆 |